مكتبة جامعة عجلون الوطنية

فهرس بحث المكتبة

Normal view MARC view
  • جامعة العلوم التطبيقية الخاصة كلية الاقتصاد والعلوم الادارية

Entry Personal Name

Number of records used in: 1

001 - CONTROL NUMBER

  • control field: 22586

003 - CONTROL NUMBER IDENTIFIER

  • control field: JO-AjAnu

005 - DATE AND TIME OF LATEST TRANSACTION

  • control field: 20230606073909.0

008 - FIXED-LENGTH DATA ELEMENTS

  • fixed length control field: 230606|| aca||aabn | a|a d

040 ## - CATALOGING SOURCE

  • Original cataloging agency: JO-AjAnu
  • Transcribing agency: JO-AjAnu

100 ## - HEADING--PERSONAL NAME

  • Personal name: جامعة العلوم التطبيقية الخاصة كلية الاقتصاد والعلوم الادارية

670 ## - SOURCE DATA FOUND

  • Source citation: Work cat.: (JO-AjAnu)11609: جامعة العلوم التطبيقية الخاصة كلية الاقتصاد والعلوم الادارية, author, الجودة الشاملة في ظل ادارة المعرفة وتكنولوجيا المعلومات